| 000 | 00983nam a22002057a 4500 | ||
|---|---|---|---|
| 999 |
_c17921 _d17921 |
||
| 005 | 20251125232901.0 | ||
| 008 | s2522 th tha d | ||
| 040 | _aNALT | ||
| 041 | _atha | ||
| 245 | 1 | 0 | _aคำอธิบายประมวลกฎหมายวิธีพิจารณาความแพ่ง เล่ม 2 / ธานินทร์ กรัยวิเชียร [2nd] |
| 260 | 3 |
_aกรุงเทพฯ : _bสหกรณ์ออมทรัพย์ กระทรวงยุติธรรม, _c2522 |
|
| 300 |
_a507 หน้า ; _b 26 ซม. |
||
| 650 | 0 | 4 | _aกฎหมายวิธีพิจารณาความแพ่ง |
| 650 | 0 | 4 | _aวิธีพิจารณาความแพ่ง |
| 850 | _aNALT | ||
| 856 | 4 | 0 | _uhttps://hdl.handle.net/20.500.14156/451105 |
| 942 |
_cLB _2lcc |
||
| 998 |
_j25 _k นีลวัสน์ อินทรักษา |
||
| 090 | _aKT63 ธ515ค 2522 ล.2 | ||